Statistics for ben 10 alien force alien quiz

Click here to take the quiz!

General Stats

  • This quiz has been taken 35 times
  • The average score is 11 of 13

Answer Stats

HintAnswer% Correct
ditto but loudecho echo
100%
spider man but a monkeyspider monkey
100%
the most powerful alien ben hasalien x
97%
heat blast + wildvineswampfire
97%
angry giant tiger thingrath
93%
got bigger in omniverse and has a ice breathbig chill
90%
green slime with a tiny ufo above himgoop
90%
can fly and was ultimate kevins facejet ray
86%
died but came back as diamond heads armorchromastone
83%
supersmart robot crab thingbrain storm
76%
has the power to controll metall with his magnetic abilitieslodestar
72%
a tiny robot that can flynanomech
69%
can grow and is a dinosaurhumungousaur
55%

Score Distribution

Percentile by Number Answered

Percent of People with Each Score

Your Score History

You have not taken this quiz